[Event "36th Zalakaros Open 2017"]
[Site "Zalakaros HUN"]
[Date "2017.05.21"]
[Round "4.4"]
[White "Nabaty, Tamir"]
[Black "Van Foreest, Lucas"]
[Result "1-0"]
[WhiteTitle "GM"]
[BlackTitle "IM"]
[WhiteElo "2640"]
[BlackElo "2489"]
[WhiteFideId "2809052"]
[BlackFideId "1039792"]
[EventDate "2017.05.18"]

1. d4 Nf6 2. c4 e6 3. Nc3 Bb4 4. Qc2 b6 5. e4 c5 6. d5 Qe7 7. Be2 exd5 8. exd5
O-O 9. Nf3 d6 10. Be3 Ba6 11. O-O Bxc3 12. Qxc3 Ng4 13. Rfe1 Nxe3 14. Bd3 Nxd5
15. Bxh7+ Kxh7 16. Qd3+ Kg8 17. Rxe7 Nxe7 18. Ng5 Ng6 19. Qh3 Rc8 20. Qf5 Rc7
21. h4 Nc6 22. h5 Nf8 23. h6 Bxc4 24. hxg7 Kxg7 25. Ne4 Nh7 26. Nxd6 Be6 27. Qf4
Rd7 28. Re1 Rad8 29. Nf5+ Bxf5 30. Qxf5 Nd4 31. Qe5+ f6 32. Qh5 Kh8 33. Re8+ Kg7
34. Qg4+ Kf7 35. Qg8# 1-0

[Event "36th Zalakaros Open 2017"]
[Site "Zalakaros HUN"]
[Date "2017.05.21"]
[Round "4.5"]
[White "Antal, Gergely"]
[Black "Gupta, Abhijeet"]
[Result "1/2-1/2"]
[WhiteTitle "GM"]
[BlackTitle "GM"]
[WhiteElo "2517"]
[BlackElo "2626"]
[WhiteFideId "717312"]
[BlackFideId "5010608"]
[EventDate "2017.05.18"]

1. e4 e6 2. d4 d5 3. Nd2 c5 4. exd5 Qxd5 5. Ngf3 cxd4 6. Bc4 Qd8 7. O-O Nc6 8.
Nb3 a6 9. Nbxd4 Nxd4 10. Nxd4 Qc7 11. Qe2 Bd6 12. Kh1 Ne7 13. a4 O-O 14. c3 Ng6
15. Bd3 Bc5 16. Be3 e5 17. Nc2 Be6 18. Bxg6 hxg6 19. Bxc5 Qxc5 20. Rfe1 Bb3 21.
Ra3 Bc4 22. Qe3 Qc6 23. b3 Bd5 24. f3 Rfe8 25. Nb4 Qe6 26. c4 Bc6 27. Raa1 1/2-1/2

[Event "36th Zalakaros Open 2017"]
[Site "Zalakaros HUN"]
[Date "2017.05.21"]
[Round "4.6"]
[White "Praggnanandhaa, R"]
[Black "Vajda, Levente"]
[Result "1-0"]
[WhiteTitle "IM"]
[BlackTitle "GM"]
[WhiteElo "2471"]
[BlackElo "2600"]
[WhiteFideId "25059530"]
[BlackFideId "1203975"]
[EventDate "2017.05.18"]

1. Nf3 Nf6 2. g3 c5 3. Bg2 Nc6 4. d4 cxd4 5. Nxd4 g6 6. O-O Bg7 7. Nc3 O-O 8.
Re1 d5 9. Nb3 d4 10. Na4 e5 11. c3 Re8 12. cxd4 exd4 13. Nac5 Ng4 14. h3 Nge5
15. e3 Qe7 16. Bd2 d3 17. Rc1 Rd8 18. f4 Nd7 19. Nxd3 Nf6 20. Ndc5 Rb8 21. Qe2
b6 22. Na6 Bxa6 23. Qxa6 Ne4 24. Bxe4 Qxe4 25. Qc4 Qxc4 26. Rxc4 Ne7 27. Bc3 b5
28. Rc5 Bxc3 29. Rxc3 Nd5 30. Rd3 Nb4 31. Rxd8+ Rxd8 32. a3 Nc6 33. Kf2 b4 34.
a4 Rd3 35. Nc5 Rd2+ 36. Re2 Rd1 37. Rc2 Na5 38. Kf3 Rf1+ 39. Ke4 Ra1 40. g4 h6
41. Ke5 Kg7 42. f5 Nc6+ 43. Kd6 Na5 44. Nd7 1-0

[Event "36th Zalakaros Open 2017"]
[Site "Zalakaros HUN"]
[Date "2017.05.21"]
[Round "4.7"]
[White "Saptarshi, Roy"]
[Black "Papp, Gabor1"]
[Result "0-1"]
[WhiteTitle "IM"]
[BlackTitle "GM"]
[WhiteElo "2407"]
[BlackElo "2592"]
[WhiteFideId "5008980"]
[BlackFideId "718602"]
[EventDate "2017.05.18"]

1. e4 c5 2. Nf3 Nc6 3. d4 cxd4 4. Nxd4 Nf6 5. Nc3 d6 6. Bg5 e6 7. Qd2 a6 8.
O-O-O Bd7 9. f3 h6 10. Be3 b5 11. Nxc6 Bxc6 12. Ne2 Qc7 13. Nd4 Bb7 14. Bd3 Nd7
15. Kb1 Ne5 16. g4 d5 17. exd5 Nxd3 18. dxe6 Nb4 19. Bf4 Qc4 20. b3 Qc5 21.
exf7+ Kxf7 22. Ne6 Kxe6 23. Qd7+ Kf6 24. c3 Bc6 25. cxb4 Bxd7 26. bxc5 Bc6 27.
Rd3 Be7 28. Re1 Rhe8 29. Re5 Kf7 30. Rf5+ Bf6 31. Rd6 Bxf3 0-1

[Event "36th Zalakaros Open 2017"]
[Site "Zalakaros HUN"]
[Date "2017.05.21"]
[Round "4.8"]
[White "Danin, Alexandre"]
[Black "Chernyshov, Konstantin"]
[Result "1/2-1/2"]
[WhiteTitle "GM"]
[BlackTitle "GM"]
[WhiteElo "2543"]
[BlackElo "2485"]
[WhiteFideId "4144031"]
[BlackFideId "4117328"]
[EventDate "2017.05.18"]

1. e4 e6 2. d4 d5 3. exd5 exd5 4. Nf3 Nf6 5. Bd3 Bg4 6. Qe2+ Be7 7. h3 Bxf3 8.
Qxf3 O-O 9. Be3 Re8 10. Nd2 c5 11. O-O c4 12. Be2 Nc6 13. c3 Qc7 14. Bd1 Qb6 15.
Rb1 Qa6 16. a3 Nd8 17. Bg5 Qc6 18. Bc2 Ne6 19. Bxf6 Bxf6 20. Qf5 Nf8 21. Rfe1
Re6 22. Nf1 Rae8 23. Re3 h6 24. Rxe6 Qxe6 25. Ne3 Rd8 26. Re1 Qxf5 27. Bxf5 h5
28. g3 g6 29. Bc2 Ne6 30. h4 Rd6 31. Bd1 Nc7 32. Bf3 b5 33. Kf1 Kf8 34. Re2 1/2-1/2

[Event "36th Zalakaros Open 2017"]
[Site "Zalakaros HUN"]
[Date "2017.05.21"]
[Round "4.9"]
[White "Mihok, Oliver"]
[Black "Plenca, Jadranko"]
[Result "1-0"]
[WhiteTitle "GM"]
[BlackTitle "IM"]
[WhiteElo "2532"]
[BlackElo "2446"]
[WhiteFideId "728012"]
[BlackFideId "14527146"]
[EventDate "2017.05.18"]

1. e4 e5 2. Nf3 Nc6 3. Bb5 a6 4. Ba4 Nf6 5. O-O Be7 6. Re1 b5 7. Bb3 O-O 8. h3
d6 9. c3 Nb8 10. d4 Nbd7 11. Nbd2 c5 12. Nf1 Bb7 13. d5 c4 14. Bc2 Qc7 15. Ng3
g6 16. Bh6 Rfb8 17. Qd2 a5 18. Nh2 b4 19. h4 Nc5 20. h5 Ba6 21. hxg6 fxg6 22. f4
bxc3 23. bxc3 Rb2 24. f5 Bd8 25. Qc1 Rab8 26. Re2 a4 27. fxg6 hxg6 28. Qg5 Qf7
29. Rf1 Nd3 30. Qh4 Nh5 31. Bg5 Bb6+ 32. Be3 Ndf4 33. Bxb6 Nxg3 34. Ref2 Nxf1
35. Ng4 Qf8 36. Nf6+ Kg7 37. Rxf4 Qh8 38. Ne8+ Kg8 39. Rf8+ 1-0

[Event "36th Zalakaros Open 2017"]
[Site "Zalakaros HUN"]
[Date "2017.05.21"]
[Round "4.10"]
[White "Nemeth, Miklos1"]
[Black "Markus, Robert"]
[Result "1/2-1/2"]
[WhiteTitle "IM"]
[BlackTitle "GM"]
[WhiteElo "2451"]
[BlackElo "2673"]
[WhiteFideId "720232"]
[BlackFideId "921637"]
[EventDate "2017.05.18"]

1. e4 c5 2. Nf3 Nc6 3. d4 cxd4 4. Nxd4 Qb6 5. Nb3 Nf6 6. Bd3 d5 7. exd5 Nxd5 8.
O-O g6 9. Bc4 Nf6 10. Nc3 Bg7 11. Bf4 O-O 12. Nb5 Bg4 13. Qe1 Nd5 14. Bxd5 Qxb5
15. c4 Qb6 16. h3 Bf5 17. Qe2 a5 18. Rad1 e5 19. Be3 Nd4 20. Qd2 Nxb3 21. Bxb6
Nxd2 22. Rxd2 Bh6 23. Be3 Bxe3 24. fxe3 Rac8 25. e4 Be6 26. Bxe6 fxe6 27. b3 a4
28. Rd7 Rxf1+ 29. Kxf1 axb3 30. axb3 b5 31. cxb5 Rb8 32. Rd6 1/2-1/2

[Event "36th Zalakaros Open 2017"]
[Site "Zalakaros HUN"]
[Date "2017.05.21"]
[Round "4.11"]
[White "Kreisl, Robert"]
[Black "Efimenko, Zahar"]
[Result "0-1"]
[WhiteTitle "IM"]
[BlackTitle "GM"]
[WhiteElo "2448"]
[BlackElo "2648"]
[WhiteFideId "1613880"]
[BlackFideId "14107201"]
[EventDate "2017.05.18"]

1. e4 c5 2. Nf3 e6 3. d4 cxd4 4. Nxd4 Nc6 5. c4 Bc5 6. Nb3 Be7 7. Nc3 Nf6 8. f4
O-O 9. Qf3 Nb4 10. e5 Ne8 11. Qe2 d6 12. exd6 Nxd6 13. Be3 Nf5 14. Bf2 b6 15. a3
Nc6 16. Rd1 Qc7 17. g3 Bb7 18. Bg2 Na5 19. Nxa5 Bxg2 20. Rg1 bxa5 21. Rxg2 Rfc8
22. Nb5 Qb7 23. Kf1 a6 24. g4 axb5 25. gxf5 exf5 26. Qe5 Bf8 27. Qxb5 Qe4 28.
Qd5 Qxf4 29. b3 a4 30. Rd4 Qc1+ 31. Rd1 Qxa3 32. Bd4 Qxb3 33. Bxg7 Bxg7 34.
Rxg7+ Kxg7 35. Qe5+ Kg8 0-1

[Event "36th Zalakaros Open 2017"]
[Site "Zalakaros HUN"]
[Date "2017.05.21"]
[Round "4.12"]
[White "Basso, Pier Luigi"]
[Black "Erdos, Viktor"]
[Result "0-1"]
[WhiteTitle "IM"]
[BlackTitle "GM"]
[WhiteElo "2447"]
[BlackElo "2614"]
[WhiteFideId "866970"]
[BlackFideId "719978"]
[EventDate "2017.05.18"]

1. d4 Nf6 2. c4 g6 3. Nc3 d5 4. Bf4 Bg7 5. e3 O-O 6. Rc1 Be6 7. Nf3 dxc4 8. Ng5
Bg4 9. f3 Bc8 10. Bxc4 c6 11. Qd2 Nd5 12. Bxb8 Rxb8 13. f4 Nxc3 14. bxc3 c5 15.
O-O b5 16. Bb3 c4 17. Bc2 e5 18. Nf3 exf4 19. exf4 Bb7 20. Ne5 Qd6 21. Rb1 Ba8
22. a4 a6 23. axb5 axb5 24. Bd1 Rfd8 25. Bf3 f6 26. Ng4 Bxf3 27. Rxf3 b4 28.
Rxb4 Rxb4 29. cxb4 Qxd4+ 30. Qxd4 Rxd4 31. Ne3 f5 32. Nc2 Rd1+ 33. Rf1 Rd2 34.
Rf2 Rd1+ 35. Rf1 Rd3 36. Rf3 Kf7 37. Kf1 Rxf3+ 38. gxf3 Bh6 39. h3 Bxf4 40. Na3
c3 41. Ke2 Kf6 42. h4 h5 43. b5 g5 44. hxg5+ Kxg5 45. b6 h4 46. Nc2 h3 47. Kf2
Bd6 48. b7 Bb8 49. Nb4 Kh4 50. f4 Bxf4 51. Kf3 Bb8 52. Nc2 Kg5 53. Ne3 h2 54.
Kg2 f4 0-1

[Event "36th Zalakaros Open 2017"]
[Site "Zalakaros HUN"]
[Date "2017.05.21"]
[Round "4.13"]
[White "Zubov, Alexander"]
[Black "Nagy, Gabor1"]
[Result "1/2-1/2"]
[WhiteTitle "GM"]
[BlackTitle "IM"]
[WhiteElo "2604"]
[BlackElo "2446"]
[WhiteFideId "14109409"]
[BlackFideId "737119"]
[EventDate "2017.05.18"]

1. d4 Nf6 2. Nf3 c5 3. d5 e6 4. c4 d6 5. Nc3 exd5 6. cxd5 g6 7. Nd2 Bg7 8. Nc4
O-O 9. Bf4 Ne8 10. Qd2 f5 11. h4 Bf6 12. g3 b6 13. a4 Ba6 14. Nb5 Nd7 15. Bg2
Ne5 16. Bxe5 Bxe5 17. Nxe5 dxe5 18. d6 e4 19. Rd1 Bxb5 20. axb5 Nf6 21. b4 1/2-1/2

[Event "36th Zalakaros Open 2017"]
[Site "Zalakaros HUN"]
[Date "2017.05.21"]
[Round "4.14"]
[White "Prohaszka, Peter2"]
[Black "Munkhgal, Gombosuren"]
[Result "1/2-1/2"]
[WhiteTitle "GM"]
[BlackTitle "IM"]
[WhiteElo "2596"]
[BlackElo "2445"]
[WhiteFideId "726265"]
[BlackFideId "4901266"]
[EventDate "2017.05.18"]

1. Nf3 Nf6 2. g3 e6 3. Bg2 d5 4. O-O Be7 5. c4 O-O 6. d4 dxc4 7. Qc2 a6 8. a4
Bd7 9. Bg5 Bc6 10. Rd1 b5 11. Bxf6 Bxf6 12. Nc3 Qe8 13. e4 b4 14. Nb1 b3 15. Qe2
Bxa4 16. Qxc4 Bb5 17. Qxb3 c5 18. Nc3 c4 19. Qc2 Nc6 20. e5 Be7 21. Qe4 Rc8 22.
d5 exd5 23. Nxd5 Nb4 24. Nxb4 Bxb4 25. Ng5 g6 26. Qh4 h5 27. g4 Qxe5 28. gxh5
Qh8 29. Ne4 Rc6 30. Kh1 Re6 31. h6 Qe5 32. Ng5 Be7 33. h7+ Kh8 34. f4 Bxg5 35.
fxg5 Qxb2 36. Rac1 Qg7 37. Bd5 Rd6 38. Bxc4 Bc6+ 39. Kg1 Qb2 40. Qf2 Rxd1+ 41.
Rxd1 Qxf2+ 42. Kxf2 Bb5 43. Bxb5 axb5 44. Rd7 Rb8 45. Rxf7 b4 46. Ke3 b3 47. Rf1
Rb5 48. Rb1 Kxh7 49. Kd4 b2 50. Kc4 Rxg5 51. Rxb2 Kh6 52. Kd4 Kh5 53. Ke3 Kh4
54. Rb8 Kh3 55. Rh8+ Rh5 56. Rxh5+ gxh5 57. Kf3 Kxh2 58. Kf2 h4 59. Kf1 h3 60.
Kf2 Kh1 1/2-1/2

[Event "36th Zalakaros Open 2017"]
[Site "Zalakaros HUN"]
[Date "2017.05.21"]
[Round "4.15"]
[White "Svane, Rasmus"]
[Black "Manea, Alexandru"]
[Result "1-0"]
[WhiteTitle "GM"]
[BlackTitle "IM"]
[WhiteElo "2573"]
[BlackElo "2410"]
[WhiteFideId "4657101"]
[BlackFideId "1207660"]
[EventDate "2017.05.18"]

1. d4 Nf6 2. Nf3 d5 3. c4 c6 4. e3 a6 5. Nbd2 g6 6. b4 Bg7 7. Bb2 O-O 8. Be2 Bg4
9. O-O Nbd7 10. a4 Re8 11. h3 Bxf3 12. Nxf3 Ne4 13. Qb3 e6 14. Rfc1 Nd6 15. cxd5
cxd5 16. b5 axb5 17. Bxb5 Qb6 18. Ba3 Nxb5 19. Qxb5 Qxb5 20. axb5 Rec8 21. Rxc8+
Rxc8 22. Bd6 Nb6 23. Ra7 Nc4 24. Bf4 b6 25. Bc7 Bf8 26. Ne5 Na3 27. Bxb6 Nxb5
28. Rxf7 Nd6 29. Rc7 Rxc7 30. Bxc7 Nf7 31. Nd3 Bd6 32. Ba5 Kg7 33. f3 Kf6 34.
Kf2 Ke7 35. e4 dxe4 36. fxe4 e5 37. d5 Kf6 38. Ke3 Ke7 39. Bb6 Kf6 40. Nb2 h5
41. Nc4 Bf8 42. Kd3 Bb4 43. Bc7 Be1 44. Nd6 1-0

[Event "36th Zalakaros Open 2017"]
[Site "Zalakaros HUN"]
[Date "2017.05.21"]
[Round "4.16"]
[White "Aleksandrov, Aleksej"]
[Black "Havasi, Gergo"]
[Result "0-1"]
[WhiteTitle "GM"]
[WhiteElo "2559"]
[BlackElo "2402"]
[WhiteFideId "13500139"]
[BlackFideId "760293"]
[EventDate "2017.05.18"]

1. d4 d5 2. c4 c6 3. Nf3 Nf6 4. e3 Bf5 5. Nc3 e6 6. Nh4 Be4 7. f3 Bg6 8. Qb3 Qc7
9. Bd2 Nbd7 10. g3 Nb6 11. cxd5 exd5 12. Be2 Be7 13. O-O Qd7 14. Rad1 O-O 15.
Bc1 c5 16. dxc5 Bxc5 17. Rfe1 a5 18. Bb5 Qc7 19. Nxg6 hxg6 20. a3 Rfd8 21. Kg2
Be7 22. Re2 g5 23. Rc2 Qe5 24. Be2 Qe6 25. Nb5 a4 26. Qd3 Rac8 27. Nd4 Qd7 28.
Rxc8 Rxc8 29. Bd2 Nc4 30. Bc3 Bf8 31. Re1 Re8 32. Bd1 g4 33. Nc2 Qc6 34. fxg4
d4+ 35. Kg1 dxc3 36. Qxc3 Ne4 37. Qd4 Ng5 38. h4 Ne6 39. Qc3 b5 40. Rf1 Qc7 41.
Kg2 Nc5 42. Rf3 Ne4 43. Qd4 Ncd2 0-1

[Event "36th Zalakaros Open 2017"]
[Site "Zalakaros HUN"]
[Date "2017.05.21"]
[Round "4.17"]
[White "Shyam, Sundar M."]
[Black "Li, Bo"]
[Result "1-0"]
[WhiteTitle "GM"]
[BlackTitle "IM"]
[WhiteElo "2535"]
[BlackElo "2359"]
[WhiteFideId "5019141"]
[BlackFideId "8602786"]
[EventDate "2017.05.18"]

1. e4 c5 2. Nf3 d6 3. d4 cxd4 4. Nxd4 Nf6 5. Nc3 a6 6. Be3 Ng4 7. Bc1 Nf6 8. h3
e5 9. Nde2 b5 10. g4 Bb7 11. Bg2 b4 12. Nd5 Nbd7 13. O-O Nxd5 14. exd5 Be7 15.
Bd2 a5 16. a3 Nb6 17. axb4 axb4 18. Bxb4 Rxa1 19. Qxa1 Bxd5 20. Bxd5 Nxd5 21.
Qa4+ Kf8 22. Bd2 f5 23. Ra1 Nf6 24. Ng3 f4 25. Ne4 Qc8 26. Nxf6 gxf6 27. Qe4 Kf7
28. Ra7 h5 29. Bb4 Qe6 30. Qd3 hxg4 31. Qxd6 Qxd6 32. Bxd6 Ke6 33. Bxe7 gxh3 34.
c4 Rg8+ 35. Kh1 e4 36. Bc5 Kf5 37. Rh7 Kg4 38. Kh2 Rd8 39. Rg7+ Kf3 40. Rf7 Rc8
41. b4 Rc6 42. Re7 Rc8 43. Re6 f5 44. Re5 Kg4 45. b5 e3 46. Bxe3 fxe3 47. Rxe3
Rxc4 48. Rg3+ Kf4 49. Rb3 Rc7 50. b6 Rb7 51. Kxh3 Rh7+ 52. Kg2 Rg7+ 53. Kf1 Rb7
54. Rb5 Kg4 55. Kg2 Kf4 56. Rb4+ Ke5 57. Kf3 Kd5 58. Kf4 Kc5 59. Rb2 Kc6 60.
Kxf5 Rf7+ 61. Ke6 Rxf2 62. Rxf2 Kxb6 63. Rc2 Kb5 64. Kd5 Kb4 65. Rc8 Kb3 66. Kd4
Kb2 67. Kd3 Kb3 68. Rb8+ Ka4 69. Kc4 Ka5 70. Rb1 Ka6 71. Kc5 Ka7 72. Kc6 Ka8 73.
Kc7 Ka7 74. Ra1# 1-0

[Event "36th Zalakaros Open 2017"]
[Site "Zalakaros HUN"]
[Date "2017.05.21"]
[Round "4.18"]
[White "Farago, Ivan"]
[Black "Sanal, Vahap"]
[Result "0-1"]
[WhiteTitle "GM"]
[BlackTitle "GM"]
[WhiteElo "2411"]
[BlackElo "2533"]
[WhiteFideId "700134"]
[BlackFideId "6300545"]
[EventDate "2017.05.18"]

1. d4 Nf6 2. c4 e6 3. Nc3 Bb4 4. e3 O-O 5. Bd3 d5 6. Nf3 Re8 7. O-O c5 8. h3 Nc6
9. cxd5 exd5 10. dxc5 Bxc5 11. b3 Ne4 12. Bb2 Bf5 13. Re1 Bb4 14. Rc1 Bg6 15.
Rf1 Rc8 16. Nb5 Bh5 17. Be2 Bxf3 18. Bxf3 Qa5 19. Bxe4 dxe4 20. Qg4 g6 21. a4 f5
22. Qg5 Qd8 23. Qxd8 Rexd8 24. Nd4 Nxd4 25. Bxd4 b6 26. Rfd1 Kf7 27. Kf1 Ke6 28.
Ke2 Ba3 29. Rxc8 Rxc8 30. a5 Rc2+ 31. Kf1 bxa5 32. Bxa7 Rb2 33. Bb6 a4 0-1

[Event "36th Zalakaros Open 2017"]
[Site "Zalakaros HUN"]
[Date "2017.05.21"]
[Round "4.19"]
[White "Horvath, Jozsef1"]
[Black "Banzea, Alexandru-Bogdan"]
[Result "1-0"]
[WhiteTitle "GM"]
[BlackTitle "FM"]
[WhiteElo "2526"]
[BlackElo "2278"]
[WhiteFideId "700061"]
[BlackFideId "1232622"]
[EventDate "2017.05.18"]

1. d4 Nf6 2. c4 g6 3. g3 Bg7 4. Bg2 O-O 5. Nc3 d6 6. Nf3 Nc6 7. O-O a6 8. Bf4 h6
9. h3 g5 10. Bd2 e5 11. d5 Ne7 12. e4 c5 13. h4 g4 14. Nh2 h5 15. f3 gxf3 16.
Bxf3 Qd7 17. Bxh5 Qh3 18. Kh1 Nxh5 19. Qxh5 b5 20. Rf3 Qd7 21. Raf1 f6 22. Bg5
f5 23. Bxe7 Qxe7 24. exf5 1-0

[Event "36th Zalakaros Open 2017"]
[Site "Zalakaros HUN"]
[Date "2017.05.21"]
[Round "4.20"]
[White "Meszaros, Tamas"]
[Black "Gasanov, Eldar"]
[Result "1/2-1/2"]
[WhiteTitle "IM"]
[BlackTitle "GM"]
[WhiteElo "2401"]
[BlackElo "2484"]
[WhiteFideId "717410"]
[BlackFideId "14104466"]
[EventDate "2017.05.18"]

1. e4 c5 2. Nf3 Nc6 3. Bb5 g6 4. O-O Bg7 5. Re1 Nf6 6. e5 Nd5 7. Nc3 Nc7 8. Bxc6
dxc6 9. Ne4 Ne6 10. d3 b6 11. Be3 Nd4 12. Nxd4 cxd4 13. Bf4 O-O 14. Qd2 Qd5 15.
c4 dxc3 16. Nxc3 Qd7 17. Bh6 Ba6 18. d4 Rad8 19. Re4 f5 20. exf6 exf6 21. Bxg7
Kxg7 22. Rae1 Rfe8 23. Qf4 Rxe4 24. Rxe4 Bd3 25. Re3 Bc4 26. h3 Bf7 27. Re4 f5
28. Qe5+ Kg8 29. Rh4 Qd6 30. Qe3 Re8 31. Qd2 Qf6 32. Qh6 Qg7 33. Qg5 Bd5 34.
Nxd5 cxd5 35. Rf4 h6 36. Qg3 Qf6 37. Rf3 Kg7 38. Rc3 g5 39. Rc7+ Re7 40. Qc3 Qd6
41. Rxe7+ Qxe7 42. Qc6 Qe1+ 43. Kh2 Qxf2 44. Qd7+ Kg6 45. Qe8+ Kg7 1/2-1/2

[Event "36th Zalakaros Open 2017"]
[Site "Zalakaros HUN"]
[Date "2017.05.21"]
[Round "4.21"]
[White "Hnydiuk, Aleksander"]
[Black "Czebe, Attila"]
[Result "0-1"]
[WhiteTitle "IM"]
[BlackTitle "GM"]
[WhiteElo "2390"]
[BlackElo "2475"]
[WhiteFideId "1109057"]
[BlackFideId "705268"]
[EventDate "2017.05.18"]

1. Nf3 Nf6 2. c4 b6 3. g3 Bb7 4. Bg2 g6 5. O-O Bg7 6. d4 O-O 7. Nc3 Ne4 8. Nxe4
Bxe4 9. Be3 d6 10. Qd2 c5 11. Bh6 Nc6 12. Bxg7 Kxg7 13. d5 Bxf3 14. Bxf3 Ne5 15.
Bg2 b5 16. cxb5 Qb6 17. a4 a6 18. b4 cxb4 19. Qxb4 Rfc8 20. Rfc1 axb5 21. Rxc8
Rxc8 22. Qxb5 Qd4 23. Rb1 Rc2 24. a5 Nc4 25. Bf1 Nd2 26. Qb4 Qxb4 27. Rxb4 Rc1
28. Kg2 Nxf1 29. Rd4 Ra1 30. a6 f5 31. a7 Nxh2 32. Kxh2 Rxa7 33. Kg2 Ra2 34. Kf3
Kf6 35. g4 Ke5 36. e3 fxg4+ 0-1

[Event "36th Zalakaros Open 2017"]
[Site "Zalakaros HUN"]
[Date "2017.05.21"]
[Round "4.22"]
[White "Hemant, Sharma2"]
[Black "Krzyzanowski, Marcin"]
[Result "1/2-1/2"]
[BlackTitle "IM"]
[WhiteElo "2380"]
[BlackElo "2457"]
[WhiteFideId "5025842"]
[BlackFideId "1132199"]
[EventDate "2017.05.18"]

1. Nf3 g6 2. g3 Bg7 3. c4 e5 4. Nc3 d6 5. d4 exd4 6. Nxd4 Ne7 7. Bg2 Nbc6 8.
Nxc6 Nxc6 9. Be3 O-O 10. Rc1 Be6 11. b3 Qd7 12. Nd5 Rfe8 13. Qd2 1/2-1/2

[Event "36th Zalakaros Open 2017"]
[Site "Zalakaros HUN"]
[Date "2017.05.21"]
[Round "4.23"]
[White "Del Rey, Diego"]
[Black "Nguyen, Piotr"]
[Result "1/2-1/2"]
[WhiteTitle "IM"]
[BlackTitle "IM"]
[WhiteElo "2352"]
[BlackElo "2453"]
[WhiteFideId "102164"]
[BlackFideId "1127993"]
[EventDate "2017.05.18"]

1. e4 g6 2. d4 Bg7 3. Nf3 d6 4. Nc3 a6 5. a4 Nf6 6. h3 O-O 7. Be3 b6 8. Bd3 Bb7
9. O-O e6 10. Qd2 Nc6 11. Bh6 Nb4 12. Bxg7 Kxg7 13. Rfe1 Qe7 14. Bf1 Rad8 15. d5
c5 16. dxc6 Nxc6 17. Nd4 Qc7 18. Rad1 Nxd4 19. Qxd4 Rfe8 20. Qc4 Qxc4 21. Bxc4
Kf8 22. Rd4 Ke7 23. Red1 e5 24. R4d2 Nxe4 25. Nxe4 Bxe4 26. Bxa6 Bc6 27. b3 d5
28. f3 d4 29. Kf2 Rd7 30. c3 Red8 31. cxd4 exd4 32. Rc1 Rd6 33. Bd3 Kf6 34. f4
h5 35. h4 Re6 36. Rc4 Be4 37. Bf1 Red6 38. g3 Bf5 39. Bd3 Be6 40. Rb4 Rc8 41.
Bc4 Bf5 42. Rb5 Be4 43. Re5 Bb7 44. a5 bxa5 45. Rxa5 Rc7 46. Ra7 Rdd7 47. Rd1
Kf5 48. Bd3+ Kf6 49. Bc4 Kf5 50. Bd3+ Kf6 51. Bc4 1/2-1/2

[Event "36th Zalakaros Open 2017"]
[Site "Zalakaros HUN"]
[Date "2017.05.21"]
[Round "4.24"]
[White "Tica, Sven"]
[Black "Rapport, Richard"]
[Result "0-1"]
[WhiteTitle "FM"]
[BlackTitle "GM"]
[WhiteElo "2332"]
[BlackElo "2698"]
[WhiteFideId "14526948"]
[BlackFideId "738590"]
[EventDate "2017.05.18"]

1. d4 d5 2. c4 e6 3. Nf3 Nf6 4. g3 Bb4+ 5. Bd2 Bd6 6. Bg2 Nbd7 7. Qc2 c6 8. O-O
O-O 9. Bg5 h6 10. Bxf6 Nxf6 11. Nbd2 b6 12. e4 Be7 13. Rfd1 Bb7 14. Rac1 Rc8 15.
c5 bxc5 16. dxc5 a5 17. a3 Ba6 18. b4 Qc7 19. e5 Nd7 20. Qc3 Rb8 21. Nb3 axb4
22. axb4 Bc4 23. Na5 Be2 24. Re1 Bxf3 25. Bxf3 Ra8 26. Ra1 f6 27. Bg4 fxe5 28.
Bxe6+ Kh8 29. Bxd7 Qxd7 30. Rad1 Bf6 31. Nc4 e4 32. Qc2 Qe6 33. Nb6 Ra3 34. b5
Rc3 35. Qa2 Be7 36. bxc6 Bxc5 37. Nd7 Bxf2+ 38. Kg2 Qg4 39. Nxf8 Rxg3+ 0-1

[Event "36th Zalakaros Open 2017"]
[Site "Zalakaros HUN"]
[Date "2017.05.21"]
[Round "4.25"]
[White "Almasi, Istvan"]
[Black "Stupak, Kirill"]
[Result "1-0"]
[WhiteTitle "IM"]
[BlackTitle "GM"]
[WhiteElo "2398"]
[BlackElo "2560"]
[WhiteFideId "701742"]
[BlackFideId "13503758"]
[EventDate "2017.05.18"]

1. e4 c6 2. d4 d5 3. Nc3 a6 4. Nf3 Bg4 5. h3 Bh5 6. g4 Bg6 7. exd5 cxd5 8. h4 f6
9. h5 Bf7 10. Qe2 e6 11. Bd2 Bb4 12. O-O-O Ne7 13. g5 Nbc6 14. Bh3 Qd6 15. h6
Rg8 16. hxg7 f5 17. Na4 Bxd2+ 18. Qxd2 Rxg7 19. Rde1 O-O-O 20. Nc5 Ng6 21. Re3
Bg8 22. Rhe1 Re7 23. Nd3 Kb8 24. Nde5 Ngxe5 25. Nxe5 Nxe5 26. Rxe5 Rg7 27. Bf1
Bf7 28. Qf4 Rg6 29. Be2 Bg8 30. Bh5 Rg7 31. a3 Ka7 32. Kb1 Qb6 33. R5e3 Rc8 34.
Be2 Qd8 35. Rg3 Bf7 36. Bd3 Rg6 37. Reg1 Qh8 38. Qe3 Rcg8 39. Be2 R6g7 40. Qe5
Rc8 41. f4 Qf8 42. Rh1 Bg8 43. Rh6 Rgc7 44. Bd3 Rd7 45. Qf6 Qd6 46. Qe5 Qxe5 47.
fxe5 Rg7 48. Rf6 Kb8 49. Kc1 Kc7 50. Kd2 Kd7 51. Ke3 Ke7 52. Kf4 Bf7 53. Rh6 Bg6
54. a4 Be8 55. a5 b6 56. Rxe6+ Kxe6 57. Bxf5+ Ke7 58. Bxc8 bxa5 59. Bxa6 a4 60.
Rc3 Rf7+ 61. Ke3 Rf5 62. Rc7+ Kd8 63. Rg7 Bg6 64. Bb5 1-0

[Event "36th Zalakaros Open 2017"]
[Site "Zalakaros HUN"]
[Date "2017.05.21"]
[Round "4.26"]
[White "Kantor, Gergely"]
[Black "Arman, Deniz"]
[Result "1-0"]
[WhiteTitle "IM"]
[BlackTitle "FM"]
[WhiteElo "2481"]
[BlackElo "2377"]
[WhiteFideId "751499"]
[BlackFideId "6302106"]
[EventDate "2017.05.18"]

1. d4 Nf6 2. c4 d6 3. Nc3 Bf5 4. g3 e5 5. Nf3 Nc6 6. Bg2 h6 7. O-O Be7 8. Nh4
Bd7 9. d5 Nb8 10. Qc2 Qc8 11. e4 g6 12. f4 Bh3 13. Nf5 Bxg2 14. Nxe7 Qh3 15.
Qxg2 Qxg2+ 16. Kxg2 Kxe7 17. fxe5 dxe5 18. b3 Nfd7 19. Ba3+ Ke8 20. Nb5 Na6 21.
c5 Rd8 22. Rac1 Ndb8 23. d6 Nc6 24. dxc7 Rd2+ 25. Kg1 Ke7 26. Nd6 Nxc7 27. Rxf7+
Kd8 28. Nxb7+ Kc8 29. Nd6+ Kb8 30. Rf2 Rd3 31. Bb2 Ne6 32. Nf7 Rf8 33. Rcf1 Nxc5
34. Rc2 Nxe4 35. Rxc6 Nd2 36. Rff6 Ne4 37. Bxe5+ Kb7 38. Rc7+ Ka8 39. Rf4 Nd2
40. Kg2 Rd5 41. Rd4 Rxd4 42. Bxd4 Re8 43. Nd6 Rd8 44. Rc8+ 1-0